000 00783nam a2200253Ia 4500
003 OSt
005 20220930082233.0
006 a|||||r|||| 00| 0
007 ta
008 220926b |||||||| |||| 00| 0 eng d
024 _a118846
037 _cTheses
040 _aCRL
_cCRL
_beng
041 _2eng
_aeng
100 _aJoshi Geeta
_9543233
110 _aUniversity of Delhi. Faculty of Music & Fine Arts. Department of Music
_9543234
245 0 _aSangeet ke shaitra mein vyavasai ke naveen aayaam - Ek addhyan
260 _c2011
650 _aMUSIC
_917402
700 _a Prof. Uma Garg Gu.
700 _aUniversity of Delhi. Faculty of Music & Fine Arts. Department of Music
_9543235
942 _cDIS
_2CC
999 _c872735
_d872735